Učíme se kreslit postavičky / (Záznam č. 27116)
| 000 -Návěští | |
|---|---|
| Řídící pole kódované 24B | 00761nam a2200253 a 4500 |
| 001 - Kontrolní číslo | |
| Řídící pole proměnné | 002140000360303 |
| 003 - Identifikátor kontrolního čísla | |
| Řídící pole proměnné | CZ PrSKC |
| 005 - Datum posledního zpracování | |
| Řídící pole 16B | 20190903125819.0 |
| 008 - Údaje pevné délky | |
| Řídící pole kódované 40B | 030402s2002 u xr |||||||||z|||| ||czeed |
| 020 ## - ISBN | |
| ISBN | 8072006525 : |
| Dostupnost | 115.00 |
| 040 ## - Zdroj katalogizace-agentura | |
| Agentura původní katalogizace | CVG001 |
| Jazyk katalogizace | cze |
| 080 ## - MDT | |
| Klasifikační znak MDT | 74 |
| 100 1# - Hlavní záhlaví - osobní jméno autora | |
| Osobní jméno | Gibson, Ray |
| Kód role | aut |
| 9 (RLIN) | 8232 |
| 245 10 - Údaje o názvu | |
| Název | Učíme se kreslit postavičky / |
| Údaj o odpovědností, atd. | Ray Gibson ; ilustrovala Amanda Barlowová / přeložila Petra Klůfová |
| 250 ## - Údaje o vydání | |
| Označení vydání | 1.vyd. |
| 260 ## - Nakladatelské údaje | |
| Místo vydání | Havlíčkův Brod : |
| Jméno nakladatele | Fragment, |
| datum vydání | 2002 |
| 300 ## - Fyzický popis | |
| Rozsah | 30 s.: il. |
| 490 1# - Údaje o edici | |
| Údaje o edici | Krok za krokem |
| 653 0# - Rejstříkový termín - volně tvořený | |
| Volně tvořený termín | kreslení |
| -- | zvířátka |
| -- | návody |
| 700 1# - Vedlejší záhlaví - osobní jméno autora | |
| Osobní jméno | Barlowová, Amanda |
| Kód role | ill |
| 9 (RLIN) | 8237 |
| 700 1# - Vedlejší záhlaví - osobní jméno autora | |
| Osobní jméno | Vernerová, Petra, |
| Datumy související se jménem | 1957- |
| Kód role | trl |
| 9 (RLIN) | 8238 |
| 910 ## - Údaje o vlastníkovi jednotky (exempláře) | |
| Sigla vlastníka jednotky | ABG508 |
| Stav ztráty | Zdroj klasifikace pro skladování | Stav poškození |
|---|---|---|
| Dewey Decimal Classification |